000 01067nam a22003017a 4500
003 DO-SdBNP
005 20230925093204.0
007 ta
008 180412s1998 dr a 000 0 spa d
040 _aDO-SdBNP
_bspa
_cBNPHU
_erda
082 _bS684L
_222
100 _aSolano, Alejandro
_956913
245 1 0 _aLengua española 2000 :
_b7mo. educación básica /
_cAlejandro Solano, Eduardo Rodríguez Lorenzo ; ilustraciones Jorge Valerio, Stalin Núñez, Julio C. Martínez
264 1 _aSanto Domingo :
_bSusaeta,
_c1998.
300 _a325 pàginas
_bilustraciones
_c27 cm.
336 _2rdacontent
_atexto
_btxt
337 _2rdamedia
_asin mediación
_bn
338 _2rdacarrier
_avolumen
_bnc
500 _a7mo. curso de nivel básico.
521 _aNivel básico
590 _aInventariado, 2023/ YL
700 1 2 _aRodríguez Lorenzo, Eduardo
_977390
_eautor.
700 1 2 _aValerio, Jorge
_eilustrador
_977392
700 1 2 _aNúñez, Stalin
_eilustrador
_931177
700 1 2 _aMartínez, Julio C.
_eilustrador
_977393
910 _aYLockward
942 _2ddc
_cLBS1
999 _c54913
_d54913